Countries Bordering Turkey - Statistics

General Stats
  • This quiz has been taken 117,227 times
  • The average score is 7 of 8
Answers on the Map
Answers color-coded by a green-red scale on the quiz's map according to % correct below.
 
Answer Stats
Border length Country % Correct
499 km Iran
95%
311 km Iraq
95%
206 km Greece
94%
822 km Syria
94%
268 km Armenia
91%
252 km Georgia
91%
9 km Azerbaijan
87%
240 km Bulgaria
86%
No matching quizzes found
Score Distribution
Percent of People with Each Score
Percentile by Number Answered
Your Score History
You have not taken this quiz